Foro sindical latinoamericano sobre el F:M:I (Registro nro. 84591)

Detalles MARC
001 - NÚMERO DE CONTROL
campo de control 176814
005 - FECHA Y HORA DE LA ÚLTIMA TRANSACCIÓN
campo de control 20260506080242.0
008 - DATOS DE LONGITUD FIJA--INFORMACIÓN GENERAL
campo de control de longitud fija 980508s1985 spa
035 ## - NÚMERO DE CONTROL DEL SISTEMA
Número de control de sistema 176814
035 ## - NÚMERO DE CONTROL DEL SISTEMA
Número de control de sistema (OCoLC)778044748
040 ## - FUENTE DE LA CATALOGACIÓN
Centro/agencia transcriptor comduadb
041 ## - CÓDIGO DE LENGUA
Código de lengua del texto/banda sonora o título independiente spa
080 ## - NÚMERO DE LA CLASIFICACIÓN DECIMAL UNIVERSAL
Número de la Clasificación Decimal Universal HB
082 #4 - NÚMERO DE LA CLASIFICACIÓN DECIMAL DEWEY
Número de clasificación 332
111 20 - ENTRADA PRINCIPAL--NOMBRE DE CONGRESO/REUNIÓN
Nombre de congreso/reunión o jurisdicción como elemento de entrada Foro Sindical Latinoamericano sobre el Fondo Monetario Internacional (1985 : Bogota),
Código de función aut
Unidad subordinada aut
245 10 - MENCIÓN DE TÍTULO
Título Foro sindical latinoamericano sobre el F:M:I
260 ## - PUBLICACIÓN, DISTRIBUCIÓN, ETC.
Lugar de publicación, distribución, etc. Bogotá :
Nombre del editor, distribuidor, etc. Instituto Nacional Sindical,
Fecha de publicación, distribución, etc. 1985.
300 ## - DESCRIPCIÓN FÍSICA
Extensión 124 páginas
500 ## - NOTA GENERAL
Nota general donacion: sep 18/87.
600 #0 - PUNTO DE ACCESO ADICIONAL DE MATERIA--NOMBRE DE PERSONA
Nombre de persona Rawls, John
Fechas asociadas al nombre 1921-2002
9 (RLIN) 238079
650 #7 - PUNTO DE ACCESO ADICIONAL DE MATERIA--TÉRMINO DE MATERIA
Término de materia o nombre geográfico como elemento de entrada Economía
Fuente del encabezamiento o término armarc
9 (RLIN) 934
650 ## - PUNTO DE ACCESO ADICIONAL DE MATERIA--TÉRMINO DE MATERIA
Término de materia o nombre geográfico como elemento de entrada América Latina
9 (RLIN) 1288
651 #7 - PUNTO DE ACCESO ADICIONAL DE MATERIA--NOMBRE GEOGRÁFICO
Nombre geográfico Colombia
Fuente del encabezamiento o término embne
9 (RLIN) 870547
942 ## - ELEMENTOS DE ENTRADA AGREGADA (KOHA)
Tipo de ítem Koha Libros
Existencias
Estado de retiro Estado de pérdida Fuente del sistema de clasificación o colocación Estado dañado No para préstamo Código de colección Localización permanente Ubicación/localización actual Fecha de adquisición Número de inventario Total de préstamos Signatura topográfica completa Código de barras Fecha visto por última vez Número de copia Precio válido a partir de Tipo de ítem Koha
    Clasificación Decimal Dewey     Colección Semiactiva Biblioteca del Paraninfo, Campus Medellín Biblioteca del Paraninfo, Campus Medellín 25/10/2004 C844287   332.152 F727 0556022 22/04/2023 2 22/04/2023 Libros